Pays frontaliers n°2 - Statistiques

Statistiques générales
  • Ce quiz a été pris 338 fois
  • Le résultat moyen est 33 sur 40
Statistiques - réponses
Hint Réponse % Correct
Finlande Suède
96%
Suriname Brésil
93%
Finlande Russie
93%
Bangladesh Inde
92%
Jordanie Israel
92%
Finlande Norvège
91%
Suriname France / Guyane
89%
Vietnam Laos
89%
Vietnam Cambodge
88%
Bosnie-Herzegovine Croatie
88%
Suriname Guyana
88%
Costa Rica Panama
88%
Vietnam Chine
87%
Jordanie Irak
85%
Indonesie Malaisie
85%
Bosnie-Herzegovine Serbie
85%
Jordanie Arabie saoudite
84%
Belize Guatemala
84%
Botswana Afrique du Sud
83%
Belize Mexique
83%
Costa Rica Nicaragua
83%
Kenya Somalie
83%
Jordanie Syrie
83%
Kenya Tanzanie
83%
Bangladesh Birmanie
80%
Kenya Ethiopie
77%
Cote d'Ivoire Ghana
77%
Cote d'Ivoire Mali
77%
Botswana Namibie
77%
Botswana Zimbabwe
77%
Cote d'Ivoire Burkina Faso
76%
Botswana Zambie
76%
Bosnie-Herzegovine Montenegro
75%
Cote d'Ivoire Guinée
73%
Cote d'Ivoire Liberia
73%
Kenya Ouganda
73%
Indonesie Timor Oriental
73%
Indonesie Papouasie-Nouvelle-Guinée
71%
Kenya Soudan du Sud
66%
Jordanie Palestine / Gaza
49%
Aucun quiz correspondant
Distribution des résultats
% des personnes avec chaque résultat
Percentile par nombre de réponses
Votre historique - résultats
Vous n’avez pas pris ce quiz